000 00648nam a22001937a 4500
999 _c167333
_d167333
005 20190828141757.0
010 _aENG-126355
020 _c995.00
_a978-0-19-949049-3
035 _aEN-109887
037 _bDBAD/PUB
082 _a347.54
100 _aRanjan, Sudhanshu
245 _aJustice versus Judiciary:
_cby Sudhanshu Ranjan
_bJustice Enthroned or Entangled in India? /
260 _aNew Delhi
_bOxford University Press
_c2019
270 _bNew Delhi
_e110002
_a2/11 Ground Floor, Ansari Road, Daryaganj
300 _axiii385p.
_c23cm(hb)
500 _aIncludes index and bibliography.
942 _2ddc
_cEN
_h347.54
_mRAN